Resuscitation Translational Research, Clinical Evidence, Education, Guidelines /

Resuscitation is a two-stage process comprising the achievement/maintenance of spontaneous circulation and post-resuscitation management. The approach is complex and multifaceted and entails the integration of new physiological insights, pharmacological options, and technological advances. The purpo...

Full description

Bibliographic Details
Corporate Author: SpringerLink (Online service)
Other Authors: Gullo, Antonino (Editor), Ristagno, Giuseppe (Editor)
Format: Electronic eBook
Language:English
Published: Milano : Springer Milan : Imprint: Springer, 2014.
Subjects:
Online Access:Full Text via HEAL-Link
LEADER 03358nam a22005055i 4500
001 978-88-470-5507-0
003 DE-He213
005 20150519175833.0
007 cr nn 008mamaa
008 131118s2014 it | s |||| 0|eng d
020 |a 9788847055070  |9 978-88-470-5507-0 
024 7 |a 10.1007/978-88-470-5507-0  |2 doi 
040 |d GrThAP 
050 4 |a RC86-88.9 
072 7 |a MMKL  |2 bicssc 
072 7 |a MED015000  |2 bisacsh 
082 0 4 |a 616.028  |2 23 
245 1 0 |a Resuscitation  |h [electronic resource] :  |b Translational Research, Clinical Evidence, Education, Guidelines /  |c edited by Antonino Gullo, Giuseppe Ristagno. 
264 1 |a Milano :  |b Springer Milan :  |b Imprint: Springer,  |c 2014. 
300 |a XI, 254 p. 29 illus., 12 illus. in color.  |b online resource. 
336 |a text  |b txt  |2 rdacontent 
337 |a computer  |b c  |2 rdamedia 
338 |a online resource  |b cr  |2 rdacarrier 
347 |a text file  |b PDF  |2 rda 
505 0 |a Part I: State of the Art in Resuscitation -- Part II. Advances on Cardiopulmonary Resuscitation (CPR) and Defibrillation -- Part III. Optimization of Cardiopulmonary and Cerebral Resuscitation on Sudden Cardiac Death -- Part IV.  Pharmacological Approach during CPR -- Part V.  Post-Resuscitation Care -- Part VI.  Combining Physiology, Clinical Outcome, and Ethics. 
520 |a Resuscitation is a two-stage process comprising the achievement/maintenance of spontaneous circulation and post-resuscitation management. The approach is complex and multifaceted and entails the integration of new physiological insights, pharmacological options, and technological advances. The purpose of this volume, written by top experts in the field, is to promote, share, and disseminate new advances in resuscitation and post-resuscitation care. The issues addressed are wide ranging and of great topical interest or controversy. They include priorities of intervention, quality of resuscitation, use of mechanical supports, new defibrillation strategies, prevention of organ damage, strategies in cases of sudden cardiac death, new pharmacological treatments, and post-resuscitation care, including temperature management and prediction and improvement of outcome after cardiac arrest. Particular attention is devoted to up-to-date evidence from the most recent experimental and clinical trials on resuscitation science and to gold standard evidence-based resuscitation and post-resuscitation treatments and interventions. In addition, organizational models and integrated care systems for trauma are considered, and critical care education and the process of guideline development are reviewed. 
650 0 |a Medicine. 
650 0 |a Anesthesiology. 
650 0 |a Emergency medicine. 
650 0 |a Critical care medicine. 
650 0 |a Cardiology. 
650 1 4 |a Medicine & Public Health. 
650 2 4 |a Intensive / Critical Care Medicine. 
650 2 4 |a Emergency Medicine. 
650 2 4 |a Emergency Services. 
650 2 4 |a Cardiology. 
650 2 4 |a Anesthesiology. 
700 1 |a Gullo, Antonino.  |e editor. 
700 1 |a Ristagno, Giuseppe.  |e editor. 
710 2 |a SpringerLink (Online service) 
773 0 |t Springer eBooks 
776 0 8 |i Printed edition:  |z 9788847055063 
856 4 0 |u http://dx.doi.org/10.1007/978-88-470-5507-0  |z Full Text via HEAL-Link 
912 |a ZDB-2-SME 
950 |a Medicine (Springer-11650)